L'analyse de l'eau : (Record no. 13129)

000 -LEADER
fixed length control field 00549nam a2200181 a 4500
020 ## - INTERNATIONAL STANDARD BOOK NUMBER
ISBN 2040156151
040 ## - CATALOGING SOURCE
Transcribing agency DLC
082 00 - DEWEY DECIMAL CLASSIFICATION NUMBER
Classification number 628 DUN 1984 A045 Or.
100 1# - MAIN ENTRY--AUTHOR NAME
Personal name Rodier, J.
245 12 - TITLE STATEMENT
Title L'analyse de l'eau :
Remainder of title eaux naturelles, eaux résiduaires, eau de mer : chimie, physico-chimie, bactériologie, biologie /
250 ## - EDITION STATEMENT
Edition statement 7e éd.
260 ## - PUBLICATION, DISTRIBUTION, ETC. (IMPRINT)
Place of publication [Paris] :
Name of publisher Dunod,
Year of publication c1984.
300 ## - PHYSICAL DESCRIPTION
Number of Pages viii, 1365 p. :
Other physical details ill. ;
Dimensions 25 cm.
500 ## - GENERAL NOTE
General note "Graphique carbonique": leaf in pocket.
650 #0 - SUBJECT ADDED ENTRY--TOPICAL TERM
Topical Term Water
650 #0 - SUBJECT ADDED ENTRY--TOPICAL TERM
Topical Term Water chemistry.
942 ## - ADDED ENTRY ELEMENTS (KOHA)
Koha item type សៀវភៅភាសាអង់គ្លេស
952 ## - LOCATION AND ITEM INFORMATION (KOHA)
Withdrawn status [LOCAL, KOHA] 0
Holdings
Permanent Location Date acquired Koha item type Lost status Shelving location Barcode Current Location Full call number
Library Block A2017-08-28សៀវភៅភាសាបារាំង A041A22107Library Block A628 DUN 1984 A041 Or.
មជ្ឈមណ្ឌលឯការនៃសាកលវិទ្យាល័យភូមិន្ទកសិកម្មចំការដូង

Powered by Koha